Entry Personal Name
Number of records used in: 1
001 - CONTROL NUMBER
003 - CONTROL NUMBER IDENTIFIER
005 - DATE AND TIME OF LATEST TRANSACTION
- control field:
20221104094919.0
008 - FIXED-LENGTH DATA ELEMENTS
- fixed length control field:
810811n| azannaabn |a aaa
010 ## - LIBRARY OF CONGRESS CONTROL NUMBER
- LC control number:
n 81047025
035 ## - SYSTEM CONTROL NUMBER
- System control number:
(OCoLC)oca00592581
040 ## - CATALOGING SOURCE
- Original cataloging agency:
DLC
- Language of cataloging:
eng
- Description conventions:
rda
- Transcribing agency:
DLC
- Modifying agency:
DLC
- Modifying agency:
NBuU
- Modifying agency:
OCoLC
- Modifying agency:
DNLM
046 ## - SPECIAL CODED DATES
- Birth date:
1872-04-05
- Death date:
1962-03-19
- Source of date scheme:
edtf
100 1# - HEADING--PERSONAL NAME
- Personal name:
Prescott, Samuel Cate,
- Dates associated with a name:
1872-1962
400 1# - SEE FROM TRACING--PERSONAL NAME
- Personal name:
Prescott, S. C.
- Fuller form of name:
(Samuel Cate),
- Dates associated with a name:
1872-1962
670 ## - SOURCE DATA FOUND
- Source citation:
Samuel Cate Prescott, M.I.T. dean ... c1993:
- Information found:
p. 128 (d. Mar. 1962)
670 ## - SOURCE DATA FOUND
- Source citation:
Wikipedia, viewed Oct. 5, 2009
- Information found:
(Samuel Cate Prescott, b. Apr. 5, 1872, d. Mar. 19, 1962; American food scientist and microbiologist who was involved in the development of food safety, food science, public health, and industrial microbiology; S.B. in chemistry, 1894, MIT)